Acrylic illuminations : (Record no. 19286)

MARC details
000 -LEADER
fixed length control field 02092cam a22003251i 4500
001 - CONTROL NUMBER
control field 18329385
003 - CONTROL NUMBER IDENTIFIER
control field EG-ScBUE
005 - DATE AND TIME OF LATEST TRANSACTION
control field 20230117123449.0
008 - FIXED-LENGTH DATA ELEMENTS--GENERAL INFORMATION
fixed length control field 141008t2013 ohua f 001 0 eng d
020 ## - INTERNATIONAL STANDARD BOOK NUMBER
International Standard Book Number 9781440327032
020 ## - INTERNATIONAL STANDARD BOOK NUMBER
International Standard Book Number 1440327033
040 ## - CATALOGING SOURCE
Original cataloging agency TOH
Language of cataloging eng
Description conventions rda
Transcribing agency TOH
Modifying agency YDXCP
-- BTCTA
-- PX0
-- VP@
-- TAC
-- ZLM
-- QBX
-- OCLCO
-- OCLCF
-- DLC
-- EG-ScBUE
082 04 - DEWEY DECIMAL CLASSIFICATION NUMBER
Classification number 751.426
Edition number 22
Item number REY
100 1# - MAIN ENTRY--PERSONAL NAME
Personal name Reyner, Nancy,
Relator term author.
9 (RLIN) 37851
245 10 - TITLE STATEMENT
Title Acrylic illuminations :
Remainder of title reflective and luminous acrylic painting techniques /
Statement of responsibility, etc Nancy Reyner.
250 ## - EDITION STATEMENT
Edition statement First edition.
264 #1 - PUBLICATION, DISTRIBUTION, ETC. (IMPRINT)
Place of publication, distribution, etc Blue Ash, Ohio :
Name of publisher, distributor, etc North Light Books / F+W Media,
Date of publication, distribution, etc [2013]
264 #4 - PUBLICATION, DISTRIBUTION, ETC. (IMPRINT)
Date of publication, distribution, etc c2013
300 ## - PHYSICAL DESCRIPTION
Extent 143 pages :
Other physical details illustrations (chiefly color) ;
Dimensions 29 cm
336 ## - CONTENT TYPE
Source rdacontent
Content type term text
Content type code txt
337 ## - MEDIA TYPE
Source rdamedia
Media type term unmediated
Media type code n
338 ## - CARRIER TYPE
Source rdacarrier
Carrier type term volume
Carrier type code nc
500 ## - GENERAL NOTE
General note Includes index.<br/>
500 ## - GENERAL NOTE
General note Author of the best-selling acrylic revolution Nancy Reyner.
520 ## - SUMMARY, ETC.
Summary, etc "Acrylic Illuminations by Nancy Reyner is a book chock full of acrylic painting techniques for both beginners and experts alike. You'll begin with a crash course on acrylic, where you'll learn which painting tools are necessary to own and how to use and experiment with them. Then, you'll dive straight into a plethora of painting techniques, grouped together by visual effects or materials. Convenient and helpful tips on how to utilize these techniques are included at the beginning of each chapter. Add shine with metallic effects, reflection with prismatic effects, and a bit of brightness and glow with optical and luminous effects. Plus, learn how to apply paint without the use of designated tools with pouring techniques. Enjoy clear step-by-step directions for each technique, as well as stunning visuals to accompany them and enhance your understanding. Let Nancy Reyner inspire you to try new painting methods and enjoy the dazzling results!" -- Publisher's description.
650 #7 - SUBJECT ADDED ENTRY--TOPICAL TERM
Topical term or geographic name as entry element Acrylic painting
General subdivision Technique.
Source of heading or term BUEsh
9 (RLIN) 37852
653 ## - INDEX TERM--UNCONTROLLED
Resource For college Communication and mass media
Arrived date list May2015
655 ## - INDEX TERM--GENRE/FORM
Form subdivision Reading book
942 ## - ADDED ENTRY ELEMENTS (KOHA)
Source of classification or shelving scheme Dewey Decimal Classification
Koha item type Book - Borrowing
Holdings
Withdrawn status Lost status Source of classification or shelving scheme Damaged status Not for loan Collection code Home library Current library Shelving location Date acquired Source of acquisition Cost, normal purchase price Serial Enumeration / chronology Total Checkouts Total Renewals Full call number Barcode Date last seen Date checked out Cost, replacement price Price effective from Koha item type
    Dewey Decimal Classification     Alahram Central Library Central Library Second Floor 05/05/2015   219.00 436 3 11 751.426 REY 000038150 15/07/2025 12/02/2025 273.75 05/05/2015 Book - Borrowing